000 00467cam a22001451 4500
082 _a940.40943
_bNEA
100 1 _aNeame, Philip,
_949427
245 1 0 _aGerman strategy in the great war,
_cby Brevet Lieut.-Colonel Philip Neame...
260 _aLondon,
_bE. Arnold,
_c1923.
300 _avii, 132 p.
_bxvii fold. maps.
_c23 cm.
526 _a0
_b0
_c0
_d940_409430000000000_NEA
650 0 _aMCE
_9379
650 0 _aWorld War, 1914-1918
_zGermany.
_949428
942 _2ddc
_cBK
999 _c552209
_d552209